El régimen jesuítico de la antigua California

I tiakina i:
Ngā taipitopito rārangi puna kōrero
Kaituhi matua: Río, Ignacio Del (Author)
Hōputu: Pukapuka
Reo:Pāniora
I whakaputaina: Ciudad de México Universidad Nacional Autónoma de México 2003
Putanga:1a. ed
Rangatū:Historia Novohispana, 69
Ngā marau:
Ngā Tūtohu: Tāpirihia he Tūtohu
Kāore He Tūtohu, Me noho koe te mea tuatahi ki te tūtohu i tēnei pūkete!

MARC

LEADER 00000nam a2200000 a 4500
001 UCG2762
003 CL-VaPUC
008 100723e20030000MX |||||||||||||||||spa|d
020 |a 9703211666 
082 0 4 |a 271.53  |b RIO  |2 21 
100 0 |a Río, Ignacio Del  |e author  |9 551365 
245 1 3 |a El régimen jesuítico de la antigua California 
250 |a 1a. ed 
300 |a 247 p 
942 |c BK 
945 |d 20100723 00:00:00  |a mfarfan 
260 |a Ciudad de México  |b Universidad Nacional Autónoma de México  |c 2003 
600 0 7 |a COMPAÑIA DE JESUS  |2 CL-VaPUC  |9 318179 
650 0 |a Historia de México  |9 321806 
650 7 |a HISTORIA DE CALIFORNIA  |2 CL-VaPUC  |9 551366 
650 0 |a Periodo Colonial  |9 257430 
650 7 |a EVANGELIZACION  |2 CL-VaPUC  |9 551367 
650 0 |a Jesuitas  |9 268366 
650 7 |a MISIONES CRISTIANAS  |2 CL-VaPUC  |9 469982 
651 0 |a México  |9 255269 
651 7 |a CALIFORNIA  |2 CL-VaPUC  |9 264797 
583 |a last modification  |c 20100723 00:00:00  |k Rodrigo Vera 
490 0 |a Historia Novohispana, 69 
999 |c 341888  |d 341886 
952 |0 0  |1 0  |4 0  |6 271_530000000000000_RIO_2003  |7 0  |8 A  |9 437698  |a BIBHIS  |b BIBHIS  |d 2019-11-22  |i 4697952  |o 271.53 RIO 2003  |p 4697952  |r 2025-01-20  |w 2019-11-22  |y BK  |k HIS